| 000 | 00556nam a2200181 i 4500 | ||
|---|---|---|---|
| 001 | 142287 | ||
| 003 | ES-MaACL | ||
| 005 | 20230906200503.0 | ||
| 007 | t| | ||
| 008 | 071004s1960 sp ||||1| spa d | ||
| 100 | 1 |
_aVilla Pastur, Jesús. _9114889 |
|
| 245 | 1 | 0 |
_aFrancisco Casariego (pintor) / _cpor Jesús Villa Pastur. |
| 260 |
_aOviedo : _bInstituto de Estudios Asturianos, _c1960. |
||
| 300 |
_a36 p., 12 lám. ; _c22 cm. |
||
| 700 | 2 |
_aInstituto de Estudios Asturianos. _9220769 |
|
| 852 |
_aES-MaACL _j2011-F-13 _bR.45496 |
||
| 999 |
_c142287 _d142287 |
||